Význam klasifikácie nákladov pre ich riadenie

Základná klasifikácia nákladov, najčastejšie používané klasifikačné hľadiská. Účelové členenie nákladov - náklady technologické, náklady na obsluhu a riadenie; náklady jednotkové a režijné.

Salvato in:
Dettagli Bibliografici
Autore principale: Tóth, Miroslav, 1961-
Altri autori: Tóthová, Alena, 1968-
Natura: Capitolo di libro
Lingua:slovacco
Soggetti:
Tags: Aggiungi Tag
Nessun Tag, puoi essere il primo ad aggiungerne!!

MARC

LEADER 00000naa$a2200000$$$4500
001 0137225
005 20240502072533.5
041 0 |a slo 
044 |a SK 
245 1 0 |a Význam klasifikácie nákladov pre ich riadenie  |c Miroslav Tóth, Alena Tóthová 
520 |a Základná klasifikácia nákladov, najčastejšie používané klasifikačné hľadiská. Účelové členenie nákladov - náklady technologické, náklady na obsluhu a riadenie; náklady jednotkové a režijné. 
610 2 0 |a náklady 
610 2 0 |a klasifikácia 
610 2 0 |a manažment 
610 2 0 |a kontroling 
610 2 0 |a účtovníctvo 
100 1 |a Tóth, Miroslav, 1961- 
700 1 |a Tóthová, Alena, 1968-